000 01252namaa22003131i 4500
005 20260510113813.0
008 260429s1994 ua a|||frm||| 000 0 eng d
040 _aEG-GICUC
_beng
_cEG-GICUC
_dEG-GICUC
_erda
041 0 _aeng
_beng
_bara
049 _aDeposit
097 _aM.Sc
099 _aCai01.12.21.M.Sc.1994.Ha.E.
100 0 _aHamada Mohamed Mahmoud,
_epreparation.
245 1 0 _aEcological Studies On Some Rodents In habiting Beni-Suef Desert - Egypt /
_cBy Hamada Mohamed Mahmoud; Supervision By Prof.Dr. Said M. Eissa, Prof.Dr. Mohamed Bader EL-Din.
246 1 5 _aدراسات بيئيه علي بعض القوارض التي تقطن صحراء بني سويف-مصر /
264 0 _c1994.
300 _a94 pages :
_billustrations ;
_c30 cm. +
336 _2rda content
_atext
337 _2rdamedia
_aUnmediated
338 _2rdacarrier
_avolume
502 _aThesis (M.Sc.)-Cairo University, 1994.
504 _aBibliography: pages 80-94.
653 0 _aZoology
700 0 _aSaid M. Eissa
_ethesis advisor.
700 0 _ethesis advisor.
900 _DDepartment of Zoology
_FFaculty of Science
_UCairo University
_b1994
_cSaid M. Eissa
_cMohamed Bader EL-Din
905 _aEman El gebaly
942 _2ddc
_cTH
_e21
_n0
999 _c179821